[Event "III Torneo Internazionale"]
[Site "Bari ITA"]
[Date "1972.07.??"]
[Round "10"]
[White "O'Kelly de Galway, Alberic"]
[Black "Paoli, Enrico"]
[Result "1/2-1/2"]
[WhiteElo "2450"]
[BlackElo "2300"]
[PlyCount "32"]
[EventDate "1972.07.26"]

1. c4 c5 2. Nc3 Nc6 3. Nf3 Nf6 4. g3 g6 5. d4 cxd4 6. Nxd4 Bg7 7. Nc2 O-O 8.
Bg2 d6 9. O-O Be6 10. b3 Qd7 11. e4 Bh3 12. Bd2 Bxg2 13. Kxg2 e6 14. Ne3 b6 15.
Rc1 Qb7 16. f3 Rfd8 1/2-1/2

[Event "III Torneo Internazionale"]
[Site "Bari ITA"]
[Date "1972.07.??"]
[Round "10"]
[White "Sydor, Andrzej"]
[Black "Damjanovic, Mato"]
[Result "1/2-1/2"]
[WhiteElo "2390"]
[BlackElo "2465"]
[PlyCount "26"]
[EventDate "1972.07.26"]

1. e4 c5 2. c3 e6 3. d4 d5 4. exd5 exd5 5. Nf3 Nc6 6. Be2 Bd6 7. O-O Nge7 8.
dxc5 Bxc5 9. Nbd2 O-O 10. Nb3 Bb6 11. Nbd4 Nf5 12. Nxf5 Bxf5 13. Bg5 f6 1/2-1/2

[Event "III Torneo Internazionale"]
[Site "Bari ITA"]
[Date "1972.07.??"]
[Round "10"]
[White "Tatai, Stefano"]
[Black "Lengyel, Levente"]
[Result "1/2-1/2"]
[WhiteElo "2460"]
[BlackElo "2455"]
[PlyCount "70"]
[EventDate "1972.07.26"]

1. e4 e5 2. Nf3 Nc6 3. Bb5 a6 4. Ba4 Nf6 5. O-O Be7 6. Re1 b5 7. Bb3 d6 8. c3
O-O 9. d4 Nb8 10. h3 Nbd7 11. Bg5 Bb7 12. Nbd2 h6 13. Bh4 Re8 14. a4 c5 15. Ba2
Qb6 16. dxe5 Nxe5 17. Nxe5 dxe5 18. Qb3 Rf8 19. Nc4 Qc6 20. Na5 Qc7 21. Nxb7 c4
22. Qc2 Qxb7 23. b3 Qc6 24. bxc4 bxa4 25. Bxf6 Bxf6 26. c5 Qxc5 27. Bd5 Rac8
28. Re3 a3 29. Qa2 Be7 30. Rf3 Rb8 31. Bxf7+ Kh8 32. Rb1 Rxb1+ 33. Qxb1 Qb5 34.
Qa2 Qb6 35. Kh2 Bc5 1/2-1/2

[Event "III Torneo Internazionale"]
[Site "Bari ITA"]
[Date "1972.07.??"]
[Round "11"]
[White "Bobotsov, Milko Georgiev"]
[Black "Sydor, Andrzej"]
[Result "1/2-1/2"]
[WhiteElo "2455"]
[BlackElo "2390"]
[PlyCount "61"]
[EventDate "1972.07.26"]

1. d4 Nf6 2. c4 e6 3. Nf3 d5 4. Bg5 h6 5. Bxf6 Qxf6 6. Nc3 c6 7. e3 Nd7 8. Bd3
dxc4 9. Bxc4 e5 10. O-O Be7 11. Ne4 Qg6 12. Ng3 exd4 13. Bd3 Qd6 14. Nf5 Qf6
15. exd4 Nf8 16. Nxe7 Qxe7 17. Re1 Ne6 18. d5 cxd5 19. Bb5+ Bd7 20. Bxd7+ Qxd7
21. Ne5 Qb5 22. Nxf7 Kxf7 23. Qf3+ Ke7 24. Qg4 Rhe8 25. Rxe6+ Kf8 26. Rae1 Rxe6
27. Qxe6 Qc6 28. Qe5 Kg8 29. g3 b6 30. Rd1 Rd8 31. h4 1/2-1/2

[Event "III Torneo Internazionale"]
[Site "Bari ITA"]
[Date "1972.07.??"]
[Round "11"]
[White "Damjanovic, Mato"]
[Black "Cappello, Renato"]
[Result "1/2-1/2"]
[WhiteElo "2465"]
[BlackElo "2215"]
[PlyCount "138"]
[EventDate "1972.07.26"]

1. Nf3 f5 2. d4 Nf6 3. g3 e6 4. Bg2 Be7 5. O-O O-O 6. b3 d6 7. Bb2 Qe8 8. Nbd2
Qh5 9. e3 g5 10. Ne1 g4 11. Nd3 Nc6 12. c4 Nd8 13. Nf4 Qg5 14. Re1 Nf7 15. d5
e5 16. Ne6 Bxe6 17. dxe6 Nd8 18. c5 Nxe6 19. cxd6 cxd6 20. Bxb7 Rab8 21. f4 Qh6
22. Ba6 e4 23. Rc1 Rfd8 24. Rc6 Nc5 25. Qe2 Qf8 26. Rc1 Rb6 27. Rxb6 axb6 28.
b4 Nxa6 29. Qxa6 Nd5 30. Qc4 Qf7 31. Bd4 Ra8 32. Rc2 Qe6 33. Bxb6 Rb8 34. Ba5
Kf7 35. Kf2 Nxb4 36. Bxb4 Qxc4 37. Rxc4 d5 38. Rd4 Rxb4 39. Rxb4 Bxb4 40. Nb3
Bc3 41. a4 Ke7 42. a5 Kd6 43. a6 Kc7 44. Nc5 Kb8 45. Nb7 Ka7 46. Nd6 Kxa6 47.
Nxf5 h5 48. Ne7 d4 49. Nd5 Bb2 50. f5 Kb5 51. f6 Kc4 52. f7 Ba3 53. Nf4 d3 54.
Ke1 Kc3 55. Kd1 d2 56. Nxh5 Kd3 57. Nf6 Kxe3 58. Nxg4+ Kd3 59. Nf2+ Ke3 60. Nh3
Kf3 61. Ng5+ Kg2 62. Nxe4 Kxh2 63. g4 Kh3 64. g5 Kg4 65. Kxd2 Kf5 66. Ke3 Kg6
67. Kf4 Bc1+ 68. Kg4 Kxf7 69. Kf5 Bxg5 1/2-1/2

[Event "III Torneo Internazionale"]
[Site "Bari ITA"]
[Date "1972.07.??"]
[Round "11"]
[White "Lengyel, Levente"]
[Black "O'Kelly de Galway, Alberic"]
[Result "1/2-1/2"]
[WhiteElo "2455"]
[BlackElo "2450"]
[PlyCount "29"]
[EventDate "1972.07.26"]

1. c4 Nf6 2. d4 e6 3. Nf3 d5 4. Nc3 c5 5. cxd5 Nxd5 6. e3 Nc6 7. Bd3 Be7 8. O-O
O-O 9. a3 cxd4 10. exd4 Nxc3 11. bxc3 b6 12. Re1 Bb7 13. Bb2 Bf6 14. Qe2 Rc8
15. Rac1 1/2-1/2

[Event "III Torneo Internazionale"]
[Site "Bari ITA"]
[Date "1972.07.??"]
[Round "11"]
[White "Padevsky, Nikola Bochev"]
[Black "Tatai, Stefano"]
[Result "1/2-1/2"]
[WhiteElo "2430"]
[BlackElo "2460"]
[PlyCount "28"]
[EventDate "1972.07.26"]

1. d4 d5 2. Nf3 Nf6 3. c4 e6 4. Nc3 Be7 5. cxd5 exd5 6. Bg5 O-O 7. e3 c6 8. Rc1
Bf5 9. Bd3 Bxd3 10. Qxd3 Nbd7 11. O-O Re8 12. Rfd1 Ne4 13. Bxe7 Qxe7 14. Nd2
Ndf6 1/2-1/2